000
00253nam a2200109Ia 4500
008
190216s9999||||xx |||||||||||||| ||und||
100
_a
Keshavamenon K P
245
0
_a
Navabharatha Shilpikal
260
_b
Null
650
_a
Jeeva Charithram
942
_c
BK
999
_c
25175
_d
25175